Business buy the Bible : (Record no. 4943)
[ view plain ]
| 000 -LEADER | |
|---|---|
| fixed length control field | 00743cam a2200253 a 4500 |
| 001 - CONTROL NUMBER | |
| control field | 36909692 |
| 003 - CONTROL NUMBER IDENTIFIER | |
| control field | OCoLC |
| 005 - DATE AND TIME OF LATEST TRANSACTION | |
| control field | 20181218110159.0 |
| 008 - FIXED-LENGTH DATA ELEMENTS--GENERAL INFORMATION | |
| fixed length control field | 970509s1997 wau 000 0 eng |
| 010 ## - LIBRARY OF CONGRESS CONTROL NUMBER | |
| LC control number | 97019664 |
| 020 ## - INTERNATIONAL STANDARD BOOK NUMBER | |
| International Standard Book Number | 0910019681 |
| 020 ## - INTERNATIONAL STANDARD BOOK NUMBER | |
| International Standard Book Number | 9780910019682 |
| 035 ## - SYSTEM CONTROL NUMBER | |
| System control number | (OCoLC)36909692 |
| 040 ## - CATALOGING SOURCE | |
| Original cataloging agency | DLC |
| Transcribing agency | DLC |
| Modifying agency | OCLCQ |
| -- | BAKER |
| -- | BTCTA |
| -- | YDXCP |
| -- | BSC |
| 082 ## - DEWEY DECIMAL CLASSIFICATION NUMBER | |
| Classification number | 261.8 |
| Item number | C771B |
| 092 ## - LOCALLY ASSIGNED DEWEY CALL NUMBER (OCLC) | |
| Classification number | 261.85 |
| Item number | C771b, 1997 |
| 100 1# - MAIN ENTRY--PERSONAL NAME | |
| Personal name | Cook, Wade. |
| 245 10 - TITLE STATEMENT | |
| Title | Business buy the Bible : |
| Remainder of title | financial wisdom of the ancients / |
| Statement of responsibility, etc. | Wade B. Cook. |
| 250 ## - EDITION STATEMENT | |
| Edition statement | 1st ed. |
| 260 ## - PUBLICATION, DISTRIBUTION, ETC. | |
| Place of publication, distribution, etc. | Seattle, Wash. : |
| Name of publisher, distributor, etc. | Lighthouse Pub. Group, |
| Date of publication, distribution, etc. | c1997. |
| 300 ## - PHYSICAL DESCRIPTION | |
| Extent | xviii, 192 p. ; |
| Dimensions | 24 cm. |
| 650 #0 - SUBJECT ADDED ENTRY--TOPICAL TERM | |
| Topical term or geographic name entry element | Business |
| General subdivision | Religious aspects |
| -- | Christianity. |
| 942 ## - ADDED ENTRY ELEMENTS (KOHA) | |
| Source of classification or shelving scheme | Dewey Decimal Classification |
| Koha item type | Books |
| Withdrawn status | Lost status | Source of classification or shelving scheme | Damaged status | Not for loan | Collection code | Home library | Current library | Shelving location | Date acquired | Cost, normal purchase price | Total Checkouts | Full call number | Barcode | Date last seen | Price effective from | Koha item type |
|---|---|---|---|---|---|---|---|---|---|---|---|---|---|---|---|---|
| Dewey Decimal Classification | Non-fiction | Harvest Mission College | Harvest Mission College | General Stacks | 18.12.2018 | 2300.00 | 261.8 C771B | 005662 | 18.12.2018 | 18.12.2018 | Books |
